| 000 | 01033nam a22003017a 4500 | ||
|---|---|---|---|
| 001 | 5161 | ||
| 003 | FISKH | ||
| 005 | 20241108104444.0 | ||
| 008 | 241108b cb ||||| |||| 00| 0 eng d | ||
| 020 | _a9781338227895 | ||
| 040 |
_aFISKH _beng _cFISKH _dFISKH |
||
| 050 | _aPZ8.C6654 | ||
| 082 | _a782.42 | ||
| 100 |
_aCalandro, Lucille _d(1940-) |
||
| 245 |
_aThere was an old pirate who swallowed a map! / _cby Lucille Colandro illustrated by Jared Lee |
||
| 250 | _aFirst printing in 2018 | ||
| 260 |
_aNew York : _bScholastic, _c2018. |
||
| 300 |
_a63 pages : _bColor illustrations ; _c23 cm |
||
| 505 | _aG | ||
| 520 | _aIn this adaptation of the traditional nursery rhyme, a pirate swallows a treasure map, while two children lead the reader through the adventure which becomes a ride at the amusement park. | ||
| 521 | 8 |
_a370L
_bLexile |
|
| 521 | 8 |
_aG
_bRaz-Plus |
|
| 650 |
_2Rhyming _aFiction |
||
| 650 |
_2Pirates _aRepetition |
||
| 700 |
_aLee, Jared _dIllustrator |
||
| 942 |
_2ddc _cBK _n0 |
||
| 999 |
_c5161 _d5161 |
||